Redesigning work : a strategy for change /

Bibliographic Details
Main Author: Hackman, J. Richard
Other Authors: Lee, Mary Dean
Format: Book
Language:English
Published: Scarsdale, N.Y. : Work in America Institute, [1979]
Series:Work in America Institute studies in productivity ; 9.
Subjects:

MARC

Tag First Indicator Second Indicator Subfields
LEADER 00000pam a2200000 i 4500
001 in00000727713
005 20151016065626.0
008 790524s1979 nyu b 00010 eng
010 |a  79015762  
020 |c $25.00 
035 |a (OCoLC)05101391 
035 |9 ADE1392AM 
040 |a DLC  |c DLC  |d TXA  |d UtOrBLW 
049 |a TXAM  |c [1652888] 
050 0 0 |a T60.8  |b .H32 
082 0 |a 658.31/4 
100 1 |a Hackman, J. Richard. 
245 1 0 |a Redesigning work :  |b a strategy for change /  |c by J. Richard Hackman and Mary Dean Lee. 
264 1 |a Scarsdale, N.Y. :  |b Work in America Institute,  |c [1979] 
264 4 |c ©1979 
300 |a 43 pages ;  |c 28 cm. 
336 |a text  |b txt  |2 rdacontent 
337 |a unmediated  |b n  |2 rdamedia 
338 |a volume  |b nc  |2 rdacarrier 
490 1 |a Work in America Institute studies in productivity ;  |v 9 
504 |a Includes bibliographies. 
650 0 |a Work design. 
700 1 |a Lee, Mary Dean. 
830 0 |a Work in America Institute studies in productivity ;  |v 9. 
999 |a MARS 
999 f f |s d04910b3-c27a-3659-bd59-fc30d8252bf7  |i 1b8d40a4-a3f0-3236-a616-ea8e1a97e3dc  |t 0 
952 f f |p ric  |a Texas A&M University  |b Rellis Campus  |c Joint Library Facility  |d Remote Storage  |t 0  |e T60.8 .H32  |h Library of Congress classification  |i unmediated -- volume  |m A14805272683 
998 f f |a T60.8 .H32  |t 0  |l Remote Storage